<?xml version='1.0' encoding='UTF-8'?>
  <record xmlns="http://www.loc.gov/MARC21/slim">
    <leader>00000cam a2200000 i 4500</leader>
    <controlfield tag="001">on1436452539</controlfield>
    <controlfield tag="003">OCoLC</controlfield>
    <controlfield tag="005">20240531033216.2</controlfield>
    <controlfield tag="008">240530s1581    gw            000 0 ger d</controlfield>
    <datafield tag="040" ind1=" " ind2=" ">
      <subfield code="a">QGJ</subfield>
      <subfield code="b">eng</subfield>
      <subfield code="e">rda</subfield>
      <subfield code="e">dcrmr</subfield>
      <subfield code="c">QGJ</subfield>
      <subfield code="d">QGJ</subfield>
    </datafield>
    <datafield tag="035" ind1=" " ind2=" ">
      <subfield code="a">(OCoLC)1436452539</subfield>
    </datafield>
    <datafield tag="100" ind1="1" ind2=" ">
      <subfield code="a">Wolf, Ambrosius,</subfield>
      <subfield code="d">1523-1585,</subfield>
      <subfield code="e">autthor.</subfield>
      <subfield code="4">aut</subfield>
      <subfield code="1">https://id.oclc.org/worldcat/entity/E39PCjBwQFkdR9GvpMpFfvFWQq</subfield>
    </datafield>
    <datafield tag="245" ind1="1" ind2="0">
      <subfield code="a">Historia Von der Augspurgischen Confession :</subfield>
      <subfield code="b">Wie, vnd in welchem verstandt sie vorlängst von dero genossen vnnd verwandten im Artickel des Heiligen Abendtmals, nach der Wittenbergischen Concordiformul, Anno 36. ist angenommen ; Auch wie sie seihero sonst etlich mal in offentlichen Religionshandlungen ist gemehret vnd erklärt worden ; Jtem, Acta Concordiae Zwischen Herren Luthero vnnd den Euangelischen Stätten in Schweitz im Jahr 38. vber der Wittenbergischen Concordiformul auffgerichtet, Wider die Patres Bergenses vnd anderer Vbiquitisten verführischen betrug. /</subfield>
      <subfield code="c">Erstlich durch Mag. Ambrosium VVolfium gestelt vnd zusammen getragen.</subfield>
    </datafield>
    <datafield tag="246" ind1="1" ind2=" ">
      <subfield code="i">Title in modern spelling:</subfield>
      <subfield code="a">Historia der Augsburgischen Konfession</subfield>
    </datafield>
    <datafield tag="250" ind1=" " ind2=" ">
      <subfield code="a">Jetzundt wider Johann Magers Probsten zu Stutgarten falsche lästerungen, von newen mit vielen anderen Acten, Recessen, Abschieden, Sendtbrieffen Herren Philippi Melanthonis vnd anderen Gelehrten: auch kurtzem wahren Bericht von Religionsfrieden, vnd Gründlicher widerlegung einer vermeinten partheyischen Epistel, so Fridericus Myconius von der Wittenberg. Concordi vor zeiten geschrieben haben sol, vber das halbe theil gemehret vnd gebessert.</subfield>
    </datafield>
    <datafield tag="264" ind1=" " ind2="1">
      <subfield code="a">Gedruckt zu Newstatt an der Hardt, in der fürstlichen Pfaltz, :</subfield>
      <subfield code="b">durch Matthæum Harnisch.,</subfield>
      <subfield code="c">1581.</subfield>
    </datafield>
    <datafield tag="300" ind1=" " ind2=" ">
      <subfield code="a">[40], 637, [1] pages ;</subfield>
      <subfield code="c">21 cm (4to)</subfield>
    </datafield>
    <datafield tag="336" ind1=" " ind2=" ">
      <subfield code="a">text</subfield>
      <subfield code="b">txt</subfield>
      <subfield code="2">rdacontent</subfield>
    </datafield>
    <datafield tag="337" ind1=" " ind2=" ">
      <subfield code="a">unmediated</subfield>
      <subfield code="b">n</subfield>
      <subfield code="2">rdamedia</subfield>
    </datafield>
    <datafield tag="338" ind1=" " ind2=" ">
      <subfield code="a">volume</subfield>
      <subfield code="b">nc</subfield>
      <subfield code="2">rdacarrier</subfield>
    </datafield>
    <datafield tag="340" ind1=" " ind2=" ">
      <subfield code="m">4to</subfield>
      <subfield code="2">rdabf</subfield>
    </datafield>
    <datafield tag="500" ind1=" " ind2=" ">
      <subfield code="a">Ambrosius Wolf is a pseudonym of Christoph Herdesianus.</subfield>
    </datafield>
    <datafield tag="500" ind1=" " ind2=" ">
      <subfield code="a">Colophon: Gedruckt zu Newstatt an der Hardt, in der Fürstlichen Pflatz, durch Mattheum Harnisch. Anno M. D. LXXXI.</subfield>
    </datafield>
    <datafield tag="500" ind1=" " ind2=" ">
      <subfield code="a">Printer's device on final page, with slogan: Ditat servata fides.</subfield>
    </datafield>
    <datafield tag="500" ind1=" " ind2=" ">
      <subfield code="a">Contains contributions by: Johannes Brenz der Ältere, Kaspar Creutziger der Ältere, Johannes Dietenberger, Martin Bucer, Jakob Andreae der Ältere, Wolfgang Fabricius Capito, Philipp Melanchthon, Martin Luther, Johannes Oecolampadius, Lukas Osiander der Ältere, Nikolaus Selneccer, Gerhard Westerburg, and Joachim Westphal aus Hamburg.</subfield>
    </datafield>
    <datafield tag="510" ind1="4" ind2=" ">
      <subfield code="a">Verzeichnis der im deutschen Sprachbereich erschienenen Drucke des 16. Jahrhunderts (VD 16),</subfield>
      <subfield code="c">H 2266</subfield>
      <subfield code="u">https://gateway-bayern.de/VD16+H+2266</subfield>
    </datafield>
    <datafield tag="510" ind1="4" ind2=" ">
      <subfield code="3">Herdesianus, Christoph. Acta concordiae zwischen Herren Luthero und den evangelischen Städten in der Schweiz im Jahr 38 über der wittenbergischen Conordiformul aufgerichtet:</subfield>
      <subfield code="a">Verzeichnis der im deutschen Sprachbereich erschienenen Drucke des 16. Jahrhunderts (VD 16),</subfield>
      <subfield code="c">H 2253</subfield>
    </datafield>
    <datafield tag="500" ind1=" " ind2=" ">
      <subfield code="a">Initials, printed marginalia.</subfield>
    </datafield>
    <datafield tag="500" ind1=" " ind2=" ">
      <subfield code="a">Signatures A-E⁴ a-z⁴  A-Z⁴ Aa-Zz⁴ AA-LL⁴; LL4v is blank.</subfield>
    </datafield>
    <datafield tag="630" ind1="0" ind2="0">
      <subfield code="a">Augsburg Confession</subfield>
      <subfield code="v">Early works to 1800.</subfield>
    </datafield>
    <datafield tag="630" ind1="0" ind2="0">
      <subfield code="a">Concord of Wittenberg</subfield>
      <subfield code="d">(1536)</subfield>
    </datafield>
    <datafield tag="650" ind1=" " ind2="0">
      <subfield code="a">Lutheran Church</subfield>
      <subfield code="x">Controversial literature</subfield>
      <subfield code="v">Early works to 1800.</subfield>
    </datafield>
    <datafield tag="650" ind1=" " ind2="6">
      <subfield code="a">Église luthérienne</subfield>
      <subfield code="x">Ouvrages de controverse</subfield>
      <subfield code="v">Ouvrages avant 1800.</subfield>
    </datafield>
    <datafield tag="700" ind1="1" ind2=" ">
      <subfield code="a">Brenz, Johannes,</subfield>
      <subfield code="d">1499-1570,</subfield>
      <subfield code="e">contributor.</subfield>
      <subfield code="4">ctb</subfield>
      <subfield code="1">https://id.oclc.org/worldcat/entity/E39PBJmXQ9kGjYWtVCGMqW4rMP</subfield>
    </datafield>
    <datafield tag="700" ind1="1" ind2=" ">
      <subfield code="a">Cruciger, Kaspar,</subfield>
      <subfield code="d">1504-1548,</subfield>
      <subfield code="e">contributor.</subfield>
      <subfield code="4">ctb</subfield>
      <subfield code="1">https://id.oclc.org/worldcat/entity/E39PCjC9c3JtBBPx7xTmwgb3DC</subfield>
    </datafield>
    <datafield tag="700" ind1="1" ind2=" ">
      <subfield code="a">Dietenberger, Johann,</subfield>
      <subfield code="d">approximately 1475-1537,</subfield>
      <subfield code="e">contributor.</subfield>
      <subfield code="4">ctb</subfield>
      <subfield code="1">https://id.oclc.org/worldcat/entity/E39PBJmTtRcbm3dM67Jt4994bd</subfield>
    </datafield>
    <datafield tag="700" ind1="1" ind2=" ">
      <subfield code="a">Bucer, Martin,</subfield>
      <subfield code="d">1491-1551,</subfield>
      <subfield code="e">contributor.</subfield>
      <subfield code="4">ctb</subfield>
      <subfield code="1">https://id.oclc.org/worldcat/entity/E39PBJc3MqCpVWF9hBf3Gcm8G3</subfield>
    </datafield>
    <datafield tag="700" ind1="1" ind2=" ">
      <subfield code="a">Andreae, Jakob,</subfield>
      <subfield code="d">1528-1590,</subfield>
      <subfield code="e">contributor.</subfield>
      <subfield code="4">ctb</subfield>
      <subfield code="1">https://id.oclc.org/worldcat/entity/E39PBJx8CWjkMFpDwdTyF9M9Dq</subfield>
    </datafield>
    <datafield tag="700" ind1="1" ind2=" ">
      <subfield code="a">Capito, Wolfgang,</subfield>
      <subfield code="d">1478-1541,</subfield>
      <subfield code="e">contributor.</subfield>
      <subfield code="4">ctb</subfield>
      <subfield code="1">https://id.oclc.org/worldcat/entity/E39PBJkMKh9xDRqt7yQckBwgrq</subfield>
    </datafield>
    <datafield tag="700" ind1="1" ind2=" ">
      <subfield code="a">Melanchthon, Philip,</subfield>
      <subfield code="d">1497-1560,</subfield>
      <subfield code="e">contributor.</subfield>
      <subfield code="4">ctb</subfield>
      <subfield code="1">https://id.oclc.org/worldcat/entity/E39PBJqQtH68krrpJcG6Tt8cT3</subfield>
    </datafield>
    <datafield tag="700" ind1="1" ind2=" ">
      <subfield code="a">Luther, Martin,</subfield>
      <subfield code="d">1483-1546,</subfield>
      <subfield code="e">contributor.</subfield>
      <subfield code="4">ctb</subfield>
      <subfield code="1">https://id.oclc.org/worldcat/entity/E39PBJcC3jTktTmxwtTMgxrQbd</subfield>
    </datafield>
    <datafield tag="700" ind1="1" ind2=" ">
      <subfield code="a">Oecolampadius, Johann,</subfield>
      <subfield code="d">1482-1531,</subfield>
      <subfield code="e">contributor.</subfield>
      <subfield code="4">ctb</subfield>
      <subfield code="1">https://id.oclc.org/worldcat/entity/E39PBJfMphbYxKh7WTxRmGrrMP</subfield>
    </datafield>
    <datafield tag="700" ind1="1" ind2=" ">
      <subfield code="a">Osiander, Lucas,</subfield>
      <subfield code="d">1534-1604,</subfield>
      <subfield code="e">contributor.</subfield>
      <subfield code="4">ctb</subfield>
      <subfield code="1">https://id.oclc.org/worldcat/entity/E39PBJvhjjtRqHtmPTXkXbK68C</subfield>
    </datafield>
    <datafield tag="700" ind1="1" ind2=" ">
      <subfield code="a">Selneccer, Nicolaus,</subfield>
      <subfield code="d">1530-1592,</subfield>
      <subfield code="e">contributor.</subfield>
      <subfield code="4">ctb</subfield>
      <subfield code="1">https://id.oclc.org/worldcat/entity/E39PBJpjjhRKFkmHCB3cxyc3wC</subfield>
    </datafield>
    <datafield tag="700" ind1="1" ind2=" ">
      <subfield code="a">Westerburg, Gerhard,</subfield>
      <subfield code="d">approximately 1486-approximately 1558,</subfield>
      <subfield code="e">contributor.</subfield>
      <subfield code="4">ctb</subfield>
      <subfield code="1">https://id.oclc.org/worldcat/entity/E39PBJjCR8Pyb6Dpvx6FWhQjG3</subfield>
    </datafield>
    <datafield tag="700" ind1="1" ind2=" ">
      <subfield code="a">Westphal, Joachim,</subfield>
      <subfield code="d">1510 or 1511-1574,</subfield>
      <subfield code="e">contributor.</subfield>
      <subfield code="4">ctb</subfield>
      <subfield code="1">https://id.oclc.org/worldcat/entity/E39PBJh4rtRdbq4HTQwDWKM773</subfield>
    </datafield>
    <datafield tag="700" ind1="1" ind2=" ">
      <subfield code="a">Harnisch, Matthias,</subfield>
      <subfield code="d">approximately 1535-1596,</subfield>
      <subfield code="e">printer.</subfield>
      <subfield code="4">prt</subfield>
      <subfield code="1">https://id.oclc.org/worldcat/entity/E39PBJjhywBCRHtvrD9VJHwXBP</subfield>
    </datafield>
    <datafield tag="752" ind1=" " ind2=" ">
      <subfield code="a">Germany</subfield>
      <subfield code="e">Neustadt an der Weinstrasse,</subfield>
      <subfield code="e">publication place.</subfield>
      <subfield code="4">pup</subfield>
    </datafield>
  </record>